SUPER BOWL LIX CHAMPION PLAYERS - Statistics

General Stats
  • This quiz has been taken 27 times
  • The average score is 31 of 53
Answer Stats
Number Player % Correct
26 Saquon Barkley
100%
1 Jalen Hurts
96%
82 Ainias Smith
92%
11 A.J. Brown
92%
33 Cooper DeJean
92%
6 DeVonta Smith
92%
3 Nolan Smith
92%
21 Sydney Brown
92%
8 C.J. Gardner-Johnson
88%
98 Jalen Carter
88%
68 Jordan Mailata
88%
65 Lane Johnson
88%
74 Fred Johnson
83%
27 Quinyon Mitchell
83%
69 Landon Dickerson
79%
53 Zack Baun
79%
51 Cam Jurgens
75%
88 Dallas Goedert
75%
4 Jake Elliott
75%
2 Darius Slay
71%
7 Kenny Pickett
71%
83 Jahan Dotson
67%
19 Josh Sweat
67%
32 Reed Blankenship
67%
55 Brandon Graham
63%
90 Jordan Davis
63%
16 Tanner McKee
58%
28 Will Shipley
58%
10 Braden Mann
54%
22 Kelee Ringo
54%
14 Kenneth Gainwell
54%
77 Mekhi Becton
54%
93 Milton Williams
54%
81 Grant Calcaterra
46%
89 Johnny Wilson
46%
97 Moro Ojomo
46%
29 Avonte Maddox
42%
0 Bryce Huff
42%
42 Oren Burks
42%
54 Jeremiah Trotter Jr.
38%
49 Rick Lovato
38%
56 Tyler Steen
38%
80 Parris Campbell
33%
84 E.J. Jenkins
29%
34 Isaiah Rodgers
29%
23 Eli Ricks
25%
58 Jalyx Hunt
25%
38 Lewis Cine
25%
59 Thomas Booker IV
25%
64 Brett Toth
21%
36 Tristin McCollum
21%
72 Darian Kinnard
17%
79 Trevor Keegan
17%
No matching quizzes found
Score Distribution
Percent of People with Each Score
Percentile by Number Answered
Your Score History
You have not taken this quiz